| 000 -LEADER |
| fixed length control field |
00804nam a22001457a 4500 |
| 008 - FIXED-LENGTH DATA ELEMENTS--GENERAL INFORMATION |
| fixed length control field |
220704b ||||| |||| 00| 0 eng d |
| 100 ## - MAIN ENTRY--PERSONAL NAME |
| Personal name |
Kumar, R. Singh, R.P and Nagaich, R. |
| 245 ## - TITLE STATEMENT |
| Title |
Strengthening federalism |
| 260 ## - PUBLICATION, DISTRIBUTION, ETC. (IMPRINT) |
| Place of publication, distribution, etc |
Yojana |
| 300 ## - PHYSICAL DESCRIPTION |
| Extent |
66(3), Mar, 2022: p.11-14 |
| 520 ## - SUMMARY, ETC. |
| Summary, etc |
Central government is committed to strengthening he hands of the states by enhancing their capital investment towards creating productive employment. The budget 2022-23 is a continuation of a series of reforms, policies and measures and measures that have strengthened India’s federal system. The increased capital expenditure capital expenditure on infrastructure well enhances economic activity across the nation. – Reproduced
|
| 773 ## - HOST ITEM ENTRY |
| Main entry heading |
Yojana |
| 906 ## - LOCAL DATA ELEMENT F, LDF (RLIN) |
| Subject DIP |
FEDERALISM |
| 942 ## - ADDED ENTRY ELEMENTS (KOHA) |
| Item type |
Articles |